Outdoor games for trainers

Bibliographic Details
Main Author: Consalvo, Carmine M.
Format: Book
Published: Hampshire : Gower Pub , 1995
Subjects:

MARC

LEADER 00000cam a2200000 7i4500
001 0000004329
005 20240930.0
020 |a 0566407544X 
040 |a INS 
090 0 0 |a GV1203.   |b C586 1995 
100 1 |a Consalvo, Carmine M. 
245 0 0 |a Outdoor games for trainers   |c Carmine M. Consalvo 
260 |a Hampshire :   |b Gower Pub ,   |c 1995 
300 |a 188p. 
650 0 0 |a Games 
650 0 0 |a Outdoor recreation 
999 |a 0000006210   |b BOOK   |c Open Shelf   |e Default branch